Представление документа в формате RUSMARC

ПолеНазваниеЗначение
  Тип записи i
  Библиографический уровень m
001 Контрольный номер dfd624b7c0424fa580b9296b23a8ab1d
005 Дата корректировки 20211217162021.9
010 Индекс ISBN __
d Цена 330-00
100 Данные общей обработки __
a Данные общей обработки 20210208d2018####am y0rusy028902 ca
101 Язык документа 0_
a Язык текста rus
102 Страна публикации __
a Страна публикации RU
106 Кодированные данные (форма документа) __
a Кодированные данные для формы документа (Обозначение носителя) s
125 Кодированные данные звукозаписи и нотных изданий __
b Определитель литературного текста с
126 Кодированные данные (звукозаписи-физические характеристики) __
a Кодированные данные звукозаписи (общие) аgbхhхх сd
127 Кодированные данные (звукозаписи-физические характеристики) __
a Продолжительность проигрывания 0314##
135 Кодированные данные (электронные ресурсы) __
a Кодированные данные (электронные ресурсы) hongannnannun
139 Кодированные данные (электронные ресурсы) __
a Кодированные данные (электронные ресурсы) caz
181 Поле кодированных данных: вид содержания _0
a Код вида содержания (ISBD) h
182 Поле кодированных данных: тип средства _0
a Код типа средства (ISBD) a
200 Заглавие и сведения об ответственности 1_
a Заглавие Соло на ундервуде / в исполнении Михаила Полицеймако
a Заглавие Соло на IBM
f Первые сведения об ответственности в исполнении Ефима Шифрина / Сергей Довлатов
g Последующие сведения об ответственности режиссер Дмитрий Креминский ; продюсеры: Вадим Бух, Михаил Литваков
e Сведения, относящиеся к заглавию [аудиокнига]
203 Вид содержания и тип средства __
a Вид содержания Устная речь
c Тип средства аудио
210 Выходные данные 1_
a Место издания Москва
c Издательство Вимбо
c Издательство АРДИС
d Дата издания 2018
215 Физическое описание __
a Объем 1 электрон. опт. диск (CD-ROM) (03 ч. 14 мин.)
c Иллюстрации/тип воспроизводства зв.
d Формат 12 см
225 Серия 1_
a Серия XX век
i Наименование части Русская проза
300 Общие примечания __
a Общие примечания Заглавие с этикетки диска
300 Общие примечания __
a Общие примечания Данные в формате MP3
330 Аннотация __
a Аннотация "Соло на ундервуде" и "Соло на IВМ" – это две части «записных книжек» Сергея Довлатова, которые писатель готовил к изданию незадолго до своей смерти. И вот теперь эту книгу из объединенных под одной обложкой двух «соло» можно назвать основой основ довлатовского творчества. Собрание смешных и грустных историй, образов, в разное время увиденных, услышанных, отмеченных писателем. Слушая эту аудиокнигу, вы словно входите в мастерскую писателя. И этим, возможно, она ценней иных, самых известных его произведений. Художественная мысль Сергея Довлатова при видимой парадоксальности, обоснованной жизненным опытом, проста и благородна: рассказать, как странно живут люди – то печально смеясь, то смешно печалясь. В его книгах нет праведников, потому что нет в них и злодеев. Писатель знает: и рай, и ад – внутри нас самих.
333 Примечание о целевом назначении __
a Примечание о целевом назначении 18+. Запрещено для детей
337 Примечание о системных требованиях (электронные ресурсы) __
a Примечание о системных требованиях (электронные ресурсы) Системные требования : персональный компьютер ; аудиосистемы с поддержкой формата МР3: музыкальный центр, CD/DVD-плеер и прочие устройства
606 Тематические рубрики __
a Основная рубрика Художественная литература
606 Тематические рубрики __
a Основная рубрика Русская литература XX в. (произведения)
610 Ключевые слова 0_
a Ключевые слова проза
610 Ключевые слова 0_
a Ключевые слова романы
610 Ключевые слова 0_
a Ключевые слова ироническая проза
610 Ключевые слова 0_
a Ключевые слова тема эмиграции
610 Ключевые слова 0_
a Ключевые слова тема интеллигенции
610 Ключевые слова 0_
a Ключевые слова интеллигенция
610 Ключевые слова 0_
a Ключевые слова советское общество
686 Индексы других классификаций __
a Классификационный индекс 84(2=411.2)6-4я04; ст84(2=411.2)6-4я0
2 Код системы rubbks
700 Автор _1
a Фамилия Довлатов
f Даты 1941-1990
g Полное личное имя Сергей Донатович
4 Код отношения 070
b Имя С. Д.
702 Вторичная интеллектуальная ответственность _1
a Фамилия Полицеймако
b Имя М. С.
g Полное личное имя Михаил Семенович
4 Код отношения 590
f Даты 1976-
702 Вторичная интеллектуальная ответственность _1
a Фамилия Шифрин
g Полное личное имя Ефим Залманович
4 Код отношения 590
f Даты 1956-
702 Вторичная интеллектуальная ответственность _1
a Фамилия Креминский
b Имя Д. В.
g Полное личное имя Дмитрий В.
4 Код отношения 300
702 Вторичная интеллектуальная ответственность _1
a Фамилия Бух
b Имя В.
g Полное личное имя Вадим
4 Код отношения 665
702 Вторичная интеллектуальная ответственность _1
a Фамилия Литваков
b Имя М.
g Полное личное имя Михаил
4 Код отношения 665
801 Источник записи _0
a Страна RU
b Организация Муниципальное бюджетное учреждение культуры "Централизованная библиотечная система" г. Сургут (Центральная городская библиотека им. А. С. Пушкина)
c Дата составления 20210208
g Правила каталогизации PSBO
801 Источник записи _1
a Страна RU
b Организация Муниципальное бюджетное учреждение культуры "Централизованная библиотечная система" г. Сургут (Центральная городская библиотека им. А. С. Пушкина)
c Дата составления 20210208
g Правила каталогизации PSBO
852 Данные о местонахождении __
j Шифр хранения 84(2=411.2)6-4я04
i Авторский знак Д 58
900 Макрообъекты __
a Макрообъекты Соло на ундервуде, 2018
901 Тип документа __
a Ответственный КиК/Котельникова
t Тип документа 0
903 Характеристики (МАРС) __
a Дата передачи 20210208
c Наименование библиотеки (МАРС) Муниципальное бюджетное учреждение культуры "Централизованная библиотечная система" г. Сургут (Центральная городская библиотека им. А. С. Пушкина)
969 Тип издания __
a Тип издания издание для слепых
a Тип издания аудиокнига
990 Данные о заказе (DOS) __
j Количество экземпляров (DOS) 2
t N записи в КСУ для И/У (DOS) 202102